00412 2200133 4500001002100000005001500021035002000036245013700056300002100193260003400214082000800248084001200256990001000268INLIS00000000003274520260410090635 a0010-0426000001 aUndang-undang tentang paten dan merek Tahun 2001 :bdilengkapi peraturan perundang-undangan tentang perlindungan konsumen Tahun 2001 a270 hlm.; 21 cm. aJakarta :bCV Eko Jaya,c2001 a348 a348 UND a17628